| 000 | 00505nam a2200181Ia 4500 | ||
|---|---|---|---|
| 999 |
_c32196 _d32196 |
||
| 003 | OSt | ||
| 005 | 20200728100647.0 | ||
| 008 | 190216s9999||||xx |||||||||||||| ||und|| | ||
| 020 | _a9788188385454 | ||
| 040 | _coclc | ||
| 082 |
_a510 _bARO/M |
||
| 100 |
_aArora, B L _93802 |
||
| 245 | 0 |
_a1001 Maths Problems / _cB L Arora ; R S Arora |
|
| 260 |
_bAcademic Publishers, _aNew Delhi: _c2008. |
||
| 300 | _a196p | ||
| 650 | _aMathematics | ||
| 942 |
_cBK _2ddc _h510 _iARO/M _k510 _mARO/M |
||